Statystyki dla Stolice świata najbliżej Tajpej - Jednominutowy sprint

Kliknij tutaj aby rozwiązać quiz!

Ogólne statystyki

  • Ten quiz został rozwiązany 17 razy
  • Średni wynik to 10 z 20

Statystyki odpowiedzi

kmstolica% Poprawnych
2105Tokio
100%
1722Pekin
92%
1491Seul
92%
1160Manila
75%
1667Hanoi
67%
1601Pjongjang
67%
3829Dżakarta
58%
3237Kuala Lumpur
58%
2849Ułan Bator
58%
2543Bangkok
50%
2348Bandar Seri
Begawan
33%
3155Dhaka
33%
3611Katmandu
33%
2310Phnom Penh
33%
3250Singapur
33%
2308Wientian
33%
3760Dili
25%
2676Naypyidaw
25%
3188Thimphu
17%
2395Ngerulmud
0%

Rozkład punktacji

Percentyl według liczby udzielonych odpowiedzi

Procent ludzi z każdym wynikiem

Twoja historia wyników

Nie rozwiązałeś tego quizu